000 00968nam a2200241Ia 4500
003 OSt
005 20221031233940.0
006 a|||||r|||| 00| 0
007 ta
008 220915b |||||||| |||| 00| 0 hin d
024 _a209954
037 _cReference Collections
040 _aARTS
_cARTS
_bhin
041 _2hin
_ahin
082 _aQ3:2a, 152K2.4-;1(RR)
100 _aकासलीवाल, कतूरचंद
_91827
245 0 _aराजस्थान के जैन शास्त्र भण्डारो की ग्रंथ सूची
246 _aRājasthān ke jain shāstra bhaṇḍārāane kī grantha sūchī
260 _c1982
700 _a न्यायतीर्थ, अनूपचंद
_91828
942 _hQ3:2a, 152K2.4-;1(RR)
_cREF
_2ddc
999 _c107706
_d107706